000 00892nam a2200265 a 4500
001 BRL_1766
005 20190320211346.0
008 280715s1990----mx-a######---#000-0#spa-#
020 _a9683611087
041 _aspa
044 _amx
050 4 _aF1221.O86
_b.G35 1990
100 1 _aGalinier, Jacques
_927817
245 1 0 _aLa mitad del mundo
_bcuerpo y cosmo en los rituales otomies
_cJacques Galinier ; traducción de Angela Ochoa y Haydée Silva.
260 _aMéxico
_bUNAM, Centro de Estudios Mexicanos y Centroamericanos, Instituto Nacional Indigenista
_c1990
300 _a746 p.
_bil.
_c23 cm.
500 _aAu1953
504 _aBibliografía: p. 719-737
650 1 4 _aOtomíes
_xReligion y mitologia
_927818
650 1 4 _aOtomíes
_xRitos y ceremonias
_927819
700 1 _aOchoa, Angela
_etr
_927820
700 1 _aSilva, Haydée
_etr
_927821
902 _aGRL
942 _2lcc
_cB
999 _c10574
_d10574